000 01646nam a22002537a 4500
999 _c58051
_d58051
003 Ge_BSU
005 20221221134745.0
008 210528s2021 ge ||||| |||| 00| 0 geo d
041 _ageo
080 _a58 ბ-52
100 _aბერიძე, მედეა
_911907
245 _aჭოროხის დელტის ფლორა და მცენარეულობა /
_cმედეა ბერიძე; სამეცნიერო ხელმძღვანელი ნათელა ვარშანიძე, გალინა მეფარიშვილი; ბათუმის შოთა რუსთაველის სახელმწიფო უნივერსიტეტი.
264 _aბათუმი,
_c2021.
300 _a110 გვ.;
_bილ.,
_c30 სმ.
504 _aბიბლიოგრ. გვ. 104-109
653 _aჭოროხის დელტის ფლორა და მცენარეულობა
653 _aმცენარეთა ბიომრავალფეროვნება
653 _aბიოლოგია
653 _aდისერტაცია
700 _aვარშანიძე, ნათელა
_eსამეცნიერო ხელმძღვანელი
_95845
700 _aმეფარიშვილი, გალინა
_eსამეცნიერო ხელმძღვანელი
_99855
710 _aბათუმის შოთა რუსთაველის სახელმწიფო უნივერსიტეტი
_911908
942 _2udc
_cDS